000 00201 a2200097 4500
001 30525
100 _aTurner
245 _aLiterature : Advanced Test
260 _aNY
_bArco
_c
090 _c20456
_d20456
942 _aNUST-CAE
_cM
_c11621
999 _c265598
_d265598